Reporting on timber decay in a condition survey (Record no. 74992)

MARC details
000 -LEADER
fixed length control field 01208cab a2200229 4500
001 - CONTROL NUMBER
control field ABS68803
008 - FIXED-LENGTH DATA ELEMENTS--GENERAL INFORMATION
fixed length control field 050329n2005 000 0 eng u
035 ## - SYSTEM CONTROL NUMBER
System control number (Sirsi) u129194
100 ## - MAIN ENTRY--PERSONAL NAME
Personal name Wilde, R.
245 ## - TITLE STATEMENT
Title Reporting on timber decay in a condition survey
260 ## - PUBLICATION, DISTRIBUTION, ETC.
Date of publication, distribution, etc. 2005
490 ## - SERIES STATEMENT
Series statement Journal of Building Appraisal
Volume/sequential designation 1(1) February 2005, 47-62(16)
520 ## - SUMMARY, ETC.
Summary, etc. Aims to help surveyors reduce the risks posed by hidden dry rot in buildings surveyed. Discusses some of the problems of reporting on the presence, or risk of, concealed fungal decay (including dry rot) when making a condition survey of a property. It stresses the need for a diagnostic approach to the inspection and gives examples of how the courts have approached cases where it is claimed that the surveyor failed to discover dry rot and/or warn of the hidden risk of undiscovered rot in buildings. References. [Taken from journal abstract].
590 ## - LOCAL NOTE (RLIN)
Local note ABS
650 ## - SUBJECT ADDED ENTRY--TOPICAL TERM
Topical term or geographic name entry element BUILT ENVIRONMENT-BUILDING PATHOLOGY-INFESTATION (FUNGAL)-FUNGI-DRY ROT
650 ## - SUBJECT ADDED ENTRY--TOPICAL TERM
Topical term or geographic name entry element CONDITION SURVEYS
650 ## - SUBJECT ADDED ENTRY--TOPICAL TERM
Topical term or geographic name entry element TIMBER DECAY
650 ## - SUBJECT ADDED ENTRY--TOPICAL TERM
Topical term or geographic name entry element DAMPNESS
650 ## - SUBJECT ADDED ENTRY--TOPICAL TERM
Topical term or geographic name entry element FUNGAL DECAY
690 ## - LOCAL SUBJECT ADDED ENTRY--TOPICAL TERM (OCLC, RLIN)
Topical term or geographic name as entry element BUILT ENVIRONMENT-BUILDING INSPECTION
942 ## - ADDED ENTRY ELEMENTS (KOHA)
Suppress in OPAC 0
Holdings
Withdrawn status Lost status Source of classification or shelving scheme Damaged status Not for loan Home library Current library Shelving location Date acquired Total Checkouts Full call number Barcode Date last seen Copy number Price effective from Koha item type
    Dewey Decimal Classification     London London Journal article 29/03/2005   ABS68803 129194-1001 06/08/2019 1 06/08/2019 Journal article